Происхождение семьи, частной собственности и государства. В связи и исследованиями Льюса Г. Моргана: пер. с нем.

Λεπτομέρειες βιβλιογραφικής εγγραφής
Κύριος συγγραφέας: Энгельс Ф. Фридрих
Περίληψη:К 160-летию со дня рождения Ф. Энгельса
Γλώσσα:Ρωσικά
Έκδοση: Москва, Политиздат, 1985
Θέματα:
Μορφή: Βιβλίο
KOHA link:https://koha.lib.tpu.ru/cgi-bin/koha/opac-detail.pl?biblionumber=285048

MARC

LEADER 00000nam0a2200000 4500
001 285048
005 20231101235745.0
020 |a RU  |b 80-26903 
035 |a (RuTPU)RU\TPU\book\309249 
090 |a 285048 
100 |a 20150219d1985 k y0rusy5003 ca 
101 1 |a rus  |c ger 
102 |a RU 
105 |a y z 001zy 
200 1 |a Происхождение семьи, частной собственности и государства. В связи и исследованиями Льюса Г. Моргана  |e пер. с нем.  |f Ф. Энгельс 
210 |a Москва  |c Политиздат  |d 1985 
215 |a 238 с. 
300 |a К 160-летию со дня рождения Ф. Энгельса 
320 |a Указ.: с. 222-237 
320 |a Библиогр. в примеч.: с. 208-221 
600 1 |a Морган  |b Л. Г.  |c американский этнограф  |c историк  |f 1818-1881  |g Льюис Генри  |c исследователь культуры первобытного общества  |2 stltpush  |3 (RuTPU)RU\TPU\pers\18936 
606 1 |a Энгельс Ф.  |x Отдельные произведения  |2 stltpush  |3 (RuTPU)RU\TPU\subj\39702 
610 1 |a первобытное общество 
610 1 |a семья 
610 1 |a собственность 
610 1 |a государство 
610 1 |a доисторические культуры 
610 1 |a Афины 
610 1 |a Римская империя 
610 1 |a кельты 
610 1 |a варвары 
610 1 |a цивилизации 
610 1 |a германцы 
686 |a Ю3(0)3-602.146  |2 rubbk 
700 1 |a Энгельс  |b Ф.  |c немецкий мыслитель и общественный деятель  |c один из основоположников марксизма  |f 1820-1895  |g Фридрих  |2 stltpush  |3 (RuTPU)RU\TPU\pers\530  |9 250 
801 0 |a RU  |b RuMRKP  |c 19950704  |g psbo 
801 1 |a RU  |b 63413507  |c 20150219 
801 2 |a RU  |b 63413507  |c 20221003  |g RCR 
942 |c BK